Biggest Countries with only one border - Statistics

General Stats
  • This quiz has been taken 561 times
  • The average score is 9 of 10
Answer Stats
Pop (Mln) Answer % Correct
40,3 Canada
95%
51,6 South Korea
94%
70,3 United Kingdom
93%
10,4 Portugal
91%
5,3 Ireland
89%
11,6 Dominican Republic
86%
12,0 Haiti
86%
6,1 Denmark
83%
10,9 Papua New Guinea
81%
3,2 Qatar
62%
No matching quizzes found
Score Distribution
Percent of People with Each Score
Percentile by Number Answered
Your Score History
You have not taken this quiz